[Event "DVM U14 2016"]
[Site "Düsseldorf GER"]
[Date "2016.12.28"]
[Round "4"]
[White "Nizamova, Rita"]
[Black "Rothenberg, Nina"]
[Result "1-0"]
[Termination "normal"]
[Board "8.4"]
[WhiteElo "1310"]
[BlackElo "1400"]
[WhiteTeam "KSV Rochade Göttingen"]
[BlackTeam "Post SV Uelzen"]
[PlyCount "39"]
[WhiteFideId "16221940"]
[BlackFideId "16208943"]
[EventCountry "GER"]
[EventRounds "7"]
[EventType "team-swiss"]
[EventDate "2016.12.26"]

1. e4 e6 2. d4 d5 3. Nc3 Nf6 4. Bg5 h6 5. Bh4 g5 6. Bg3 Nxe4 7. Nxe4 dxe4 8.
Ne2 Nc6 9. Nc3 Bb4 10. a3 Bxc3+ 11. bxc3 Qd5 12. Bxc7 b6 13. Qd2 Bb7 14. Qe3
Rc8 15. Qg3 f6 16. Bd6 e5 17. dxe5 fxe5 18. Rd1 Qe6 19. Be2 Rd8 20. Bh5+ 1-0

[Event "DVM U14 2016"]
[Site "Düsseldorf GER"]
[Date "2016.12.28"]
[Round "4"]
[White "Simukov, Erik"]
[Black "Wolf, Philipp"]
[Result "1/2-1/2"]
[Termination "normal"]
[Board "9.1"]
[WhiteElo "1769"]
[BlackElo "1713"]
[WhiteTeam "SVG CAISSA Kassel"]
[BlackTeam "SG Blau-Weiß Stadtilm"]
[PlyCount "104"]
[WhiteFideId "12995380"]
[BlackFideId "12958948"]
[EventCountry "GER"]
[EventRounds "7"]
[EventType "team-swiss"]
[EventDate "2016.12.26"]

1. e4 e5 2. Nf3 Nc6 3. Bb5 a6 4. Ba4 Nf6 5. O-O b5 6. Bb3 Be7 7. Re1 O-O 8. h3
Bb7 9. d3 d6 10. c3 Qd7 11. Nbd2 Rad8 12. Nf1 Na5 13. Bc2 c5 14. Ng3 Rfe8 15.
Nf5 Bf8 16. Bg5 Qe6 17. Nh2 d5 18. Qf3 dxe4 19. dxe4 Rd7 20. Ng4 Nxg4 21. Qxg4
f6 22. Be3 Kh8 23. Red1 Red8 24. Rxd7 Rxd7 25. b3 Bc6 26. f3 Nb7 27. Kh2 c4 28.
b4 a5 29. a3 a4 30. Rd1 Rxd1 31. Bxd1 Bd7 32. Qg3 Qf7 33. Nh4 Nd8 34. f4 Nc6
35. f5 Bd6 36. Qf2 Qf8 37. g4 Be8 38. Qg2 g5 39. fxg6 hxg6 40. g5 f5 41. exf5
gxf5 42. Kg1 f4 43. Bf2 Ne7 44. Bc2 Qg7 45. Qg4 Bc6 46. Kf1 Qf7 47. Nf5 Nxf5
48. Bxf5 Kg7 49. Be6 Qg6 50. Bf5 Qf7 51. Be6 Qg6 52. Bf5 Qf7 1/2-1/2

[Event "DVM U14 2016"]
[Site "Düsseldorf GER"]
[Date "2016.12.28"]
[Round "4"]
[White "Creß, Bastian"]
[Black "Wöllenstein, Sebastian"]
[Result "0-1"]
[Termination "normal"]
[Board "9.2"]
[WhiteElo "1608"]
[BlackElo "1752"]
[WhiteTeam "SG Blau-Weiß Stadtilm"]
[BlackTeam "SVG CAISSA Kassel"]
[PlyCount "118"]
[WhiteFideId "16208846"]
[BlackFideId "12974706"]
[EventCountry "GER"]
[EventRounds "7"]
[EventType "team-swiss"]
[EventDate "2016.12.26"]

1. e4 c5 2. Nc3 g6 3. Nge2 Bg7 4. g3 d6 5. Bg2 Nc6 6. O-O e6 7. h3 Nge7 8. d3
O-O 9. Be3 Nd4 10. Rb1 Rb8 11. g4 b6 12. Ng3 Bb7 13. Nce2 Qd7 14. c3 Nxe2+ 15.
Qxe2 d5 16. Rbd1 d4 17. Bd2 Qb5 18. Rb1 Ba6 19. c4 Qd7 20. a4 Bb7 21. b3 Nc8
22. f4 f5 23. gxf5 exf5 24. e5 Bxg2 25. Qxg2 Ne7 26. h4 Qc6 27. Rfe1 Qxg2+ 28.
Kxg2 a5 29. Re2 Nc6 30. Rf1 Nd8 31. Kh2 Ne6 32. Ree1 Kf7 33. Kg2 Rh8 34. Kf2
Bf8 35. Ke2 Be7 36. Rh1 Ng7 37. Reg1 Rbg8 38. Nf1 h6 39. Kf3 Ne6 40. Rg3 g5 41.
hxg5 hxg5 42. Rxh8 g4+ 43. Ke2 Rxh8 44. Rg2 Bf8 45. Ng3 Kg6 46. Kf2 Rh3 47. Rg1
Bh6 48. Rh1 Rxh1 49. Nxh1 Bxf4 50. Bxf4 Nxf4 51. e6 Kf6 52. Ke1 Nxd3+ 53. Kd2
Nf4 54. Ng3 Kxe6 55. Nf1 Ke5 56. Ng3 Kf6 57. Ke1 Kg5 58. Kf2 Nd3+ 59. Ke2 Nc1+
0-1

[Event "DVM U14 2016"]
[Site "Düsseldorf GER"]
[Date "2016.12.28"]
[Round "4"]
[White "Fromm, Nick"]
[Black "Rapp, Lukas"]
[Result "1/2-1/2"]
[Termination "normal"]
[Board "9.3"]
[WhiteElo "1527"]
[BlackElo "1630"]
[WhiteTeam "SVG CAISSA Kassel"]
[BlackTeam "SG Blau-Weiß Stadtilm"]
[PlyCount "52"]
[WhiteFideId "12958026"]
[BlackFideId "12989320"]
[EventCountry "GER"]
[EventRounds "7"]
[EventType "team-swiss"]
[EventDate "2016.12.26"]

1. e4 c5 2. Nf3 d6 3. d4 cxd4 4. Nxd4 Nf6 5. Nc3 a6 6. Bc4 e6 7. O-O b5 8. Bd3
Bb7 9. a3 Be7 10. f4 Qb6 11. Be3 Qc7 12. g4 h5 13. gxh5 Nxh5 14. Qg4 Nc6 15. e5
dxe5 16. Nxe6 fxe6 17. Bg6+ Kd7 18. Bxh5 g6 19. Rad1+ Bd6 20. Bxg6 Rag8 21. Ne4
Ne7 22. Nxd6 Qc6 23. Nxb7+ Kc7 24. Kf2 Rxg6 25. Qf3 Rxh2+ 26. Ke1 Rgg2 1/2-1/2

[Event "DVM U14 2016"]
[Site "Düsseldorf GER"]
[Date "2016.12.28"]
[Round "4"]
[White "Pflugradt, Natalie"]
[Black "Krömer, Alexander"]
[Result "1-0"]
[Termination "normal"]
[Board "9.4"]
[WhiteElo "1445"]
[BlackElo "1564"]
[WhiteTeam "SG Blau-Weiß Stadtilm"]
[BlackTeam "SVG CAISSA Kassel"]
[PlyCount "41"]
[WhiteFideId "16212444"]
[BlackFideId "12974676"]
[EventCountry "GER"]
[EventRounds "7"]
[EventType "team-swiss"]
[EventDate "2016.12.26"]

1. e4 e5 2. Nf3 Nc6 3. Bc4 Bc5 4. c3 Nf6 5. d4 exd4 6. O-O dxc3 7. e5 Nxe5 8.
Nxe5 d5 9. Re1 O-O 10. Bd3 Re8 11. Nxc3 c6 12. Bf4 Qb6 13. Qc2 Bd6 14. Bg3 Qa5
15. Nxf7 Rxe1+ 16. Rxe1 Bxg3 17. hxg3 Kxf7 18. Bxh7 d4 19. Qg6+ Kf8 20. Bg8
Kxg8 21. Re7 1-0

[Event "DVM U14 2016"]
[Site "Düsseldorf GER"]
[Date "2016.12.28"]
[Round "4"]
[White "Meier, Julian"]
[Black "Righi, Sofian"]
[Result "0-1"]
[Termination "normal"]
[Board "10.1"]
[WhiteElo "1267"]
[BlackElo "1760"]
[WhiteTeam "Gütersloher SV"]
[BlackTeam "Düsseldorfer SK"]
[PlyCount "106"]
[WhiteFideId "16235207"]
[BlackFideId "12987581"]
[EventCountry "GER"]
[EventRounds "7"]
[EventType "team-swiss"]
[EventDate "2016.12.26"]

1. e4 c5 2. Nf3 d6 3. d4 cxd4 4. Nxd4 Nf6 5. Nc3 g6 6. Bc4 Bg7 7. O-O O-O 8.
Bg5 Nc6 9. Nf3 Bg4 10. h3 Bxf3 11. Qxf3 Rc8 12. Bb3 Nd4 13. Qe3 Nxb3 14. axb3
a6 15. Rad1 Qa5 16. Bh4 Qc5 17. Qf3 b5 18. Rd2 b4 19. Bxf6 Bxf6 20. Nd5 Bg5 21.
Re2 e6 22. Nf6+ Bxf6 23. Qxf6 d5 24. exd5 Qxd5 25. Qf4 Qc5 26. Rc1 Rfd8 27. c4
bxc3 28. bxc3 Rd3 29. Rec2 Qd5 30. Qg4 Qxb3 31. Qe2 Rdxc3 32. Rxc3 Rxc3 33.
Rxc3 Qxc3 34. Qxa6 Qe1+ 35. Qf1 Qxf1+ 36. Kxf1 Kg7 37. Ke2 Kf6 38. f3 Ke5 39.
Ke3 f5 40. f4+ Kd5 41. Kd3 e5 42. g3 e4+ 43. Kc3 h6 44. Kc2 Kd4 45. Kd2 h5 46.
Ke2 e3 47. Kd1 Kd3 48. Ke1 e2 49. g4 hxg4 50. h4 Ke4 51. Kxe2 Kxf4 52. Kf2 g3+
53. Kg2 Kg4 0-1

[Event "DVM U14 2016"]
[Site "Düsseldorf GER"]
[Date "2016.12.28"]
[Round "4"]
[White "Kostenko, Peter Alexander"]
[Black "Kühn von Burgsdorff, Johannes"]
[Result "1/2-1/2"]
[Termination "normal"]
[Board "10.2"]
[WhiteElo "1220"]
[BlackElo "1211"]
[WhiteTeam "Düsseldorfer SK"]
[BlackTeam "Gütersloher SV"]
[PlyCount "93"]
[WhiteFideId "16235177"]
[BlackFideId "16234960"]
[EventCountry "GER"]
[EventRounds "7"]
[EventType "team-swiss"]
[EventDate "2016.12.26"]

1. e4 c5 2. Nf3 d6 3. d4 cxd4 4. Nxd4 Nf6 5. Nc3 a6 6. a3 e6 7. Bc4 Be7 8. O-O
Qc7 9. Bb3 Nbd7 10. Re1 b5 11. Bg5 O-O 12. Nf3 Bb7 13. Nd2 h6 14. Bh4 Rfe8 15.
Nf3 Rad8 16. Qd2 Nc5 17. Bxf6 Bxf6 18. e5 dxe5 19. Qe3 Bxf3 20. Qxf3 Nxb3 21.
cxb3 Rd7 22. Rab1 Red8 23. Red1 Bg5 24. Ne4 Rxd1+ 25. Rxd1 Rxd1+ 26. Qxd1 Qc1
27. Qxc1 Bxc1 28. a4 Bxb2 29. axb5 axb5 30. f3 Kf8 31. Kf2 b4 32. Ke2 f5 33.
Nd2 Ba3 34. Kd3 Ke7 35. Nc4 Kf6 36. h4 g5 37. hxg5+ hxg5 38. g3 g4 39. fxg4
fxg4 40. Ke4 Bc1 41. Nxe5 Kg5 42. Nd3 Bd2 43. Ke5 Be3 44. Kxe6 Bg1 45. Nf4 Be3
46. Ne2 Bd2 47. Ke5 1/2-1/2

[Event "DVM U14 2016"]
[Site "Düsseldorf GER"]
[Date "2016.12.28"]
[Round "4"]
[White "Qiu, Leo"]
[Black "Wiedenbruch, Paul"]
[Result "0-1"]
[Termination "normal"]
[Board "10.3"]
[WhiteElo "1328"]
[BlackElo "1407"]
[WhiteTeam "Gütersloher SV"]
[BlackTeam "Düsseldorfer SK"]
[PlyCount "108"]
[WhiteFideId "16235215"]
[BlackFideId "16207343"]
[EventCountry "GER"]
[EventRounds "7"]
[EventType "team-swiss"]
[EventDate "2016.12.26"]

1. e4 c5 2. Nf3 d6 3. Bc4 Nf6 4. e5 dxe5 5. Nxe5 e6 6. Nc3 Bd6 7. Ng4 O-O 8. d3
Nc6 9. Bg5 Be7 10. Nxf6+ Bxf6 11. Bxf6 Qxf6 12. Qh5 b6 13. Rb1 Bb7 14. Ne4 Qd8
15. O-O Nb4 16. c3 Nxd3 17. Bxd3 Qxd3 18. Ng5 Qf5 19. g4 Qg6 20. Qxg6 hxg6 21.
Rfd1 Rad8 22. b3 Rd5 23. Rxd5 exd5 24. Re1 f6 25. Nh3 Kf7 26. g5 Rh8 27. Kg2
d4+ 28. Kg3 dxc3 29. Rc1 Bc8 30. Ng1 c2 31. Rxc2 Rh5 32. Nf3 Bb7 33. Rd2 Ke7
34. Re2+ Kf7 35. Rd2 Bc6 36. a3 Bxf3 37. Kxf3 Rxh2 38. Rd7+ Ke6 39. Rxa7 Rh3+
40. Kf4 Rxb3 41. Rxg7 fxg5+ 42. Kxg5 c4 43. Rc7 c3 44. f4 Rxa3 45. Kxg6 Kd6 46.
Rc8 Kd7 47. Rc4 b5 48. Rc5 b4 49. f5 b3 50. f6 b2 51. f7 b1=Q+ 52. Kg7 Qg1+ 53.
Rg5 Qxg5+ 54. Kf8 Ra8# 0-1